[Event "ICS rated blitz match"]
[Site "204.178.125.65"]
[Date "2000.10.05"]
[Round "?"]
[White "Hossa"]
[Black "Athlon900"]
[Result "1/2-1/2"]
[WhiteElo "2457"]
[BlackElo "2607"]
[PlyCount "82"]
[EventDate "2000.??.??"]

1. d4 Nf6 2. c4 e6 3. Nf3 d5 4. Bg5 dxc4 5. Nc3 Bb4 6. e4 h6 7. Bxf6 Qxf6 8.
Bxc4 O-O 9. O-O Nc6 10. Bb5 Nb8 11. Qb3 Qe7 12. a3 Ba5 13. Qa4 Bb6 14. Qc2 c6
15. Bc4 Rd8 16. Rfd1 Bc7 17. b3 Nd7 18. Ne2 Nb6 19. Bd3 Bd6 20. Qb2 Qc7 21. Ng3
Bd7 22. Ne5 Be8 23. Be2 Bxe5 24. dxe5 Nd7 25. f4 g5 26. Nh5 gxf4 27. Nf6+ Nxf6
28. exf6 Rxd1+ 29. Rxd1 Rd8 30. Rxd8 Qxd8 31. Kf1 Qc7 32. Qd4 c5 33. Qc3 Qd8
34. Qxc5 Bc6 35. Qe5 Qd2 36. Qb8+ Kh7 37. Qf8 Qc1+ 38. Kf2 Qe3+ 39. Kf1 Qc1+
40. Kf2 Qe3+ 41. Kf1 Qc1+ {Game drawn by repetition} 1/2-1/2

[Event "ICS rated blitz match"]
[Site "204.178.125.65"]
[Date "2000.10.05"]
[Round "?"]
[White "Athlon900"]
[Black "Hossa"]
[Result "1-0"]
[WhiteElo "2600"]
[BlackElo "2464"]
[PlyCount "79"]
[EventDate "2000.??.??"]

1. e4 e5 2. Nf3 Nc6 3. d4 exd4 4. Nxd4 Nf6 5. Nxc6 bxc6 6. Bd3 d5 7. exd5 cxd5
8. O-O Be7 9. c4 d4 10. Bf4 O-O 11. Nd2 Rb8 12. Qc2 Re8 13. Rae1 Bb7 14. Be5
Bb4 15. a3 Bd6 16. Bxf6 Qxf6 17. Bxh7+ Kf8 18. Be4 Qh4 19. g3 Qg4 20. Bxb7 Rxb7
21. Rxe8+ Kxe8 22. Re1+ Be7 23. Qh7 Rxb2 24. Qg8+ Kd7 25. Qxf7 Kc6 26. Rxe7 Kb7
27. Rxc7+ Kb8 28. Qe7 Qc8 29. Rxc8+ Kxc8 30. c5 Rb7 31. Qe8+ Kc7 32. c6 Rb8 33.
Qd7+ Kb6 34. Nc4+ Kc5 35. c7 Rf8 36. Ne5 d3 37. Qc6+ Kd4 38. c8=Q Kxe5 39. Qxf8
g5 40. Qfc5# {Hossa checkmated} 1-0

[Event "ICS rated blitz match"]
[Site "204.178.125.65"]
[Date "2000.10.05"]
[Round "?"]
[White "Athlon900"]
[Black "Hossa"]
[Result "1-0"]
[WhiteElo "2610"]
[BlackElo "2454"]
[PlyCount "123"]
[EventDate "2000.??.??"]

1. e4 e5 2. Nf3 Nc6 3. d4 exd4 4. Nxd4 Bc5 5. Nb3 Bb6 6. Bd3 Nf6 7. O-O O-O 8.
Nc3 d6 9. Na4 Bg4 10. Qd2 Be6 11. Nxb6 axb6 12. f3 Qe7 13. Qc3 Nd7 14. Bd2 Nde5
15. Bb5 Qh4 16. Be3 Rfe8 17. Nd4 Nxd4 18. Bxd4 c6 19. Be2 b5 20. Rfd1 Qh5 21.
Qd2 Bc4 22. Bxc4 Nxc4 23. Qc3 Qg5 24. a4 d5 25. axb5 Rxa1 26. Rxa1 Rc8 27. bxc6
bxc6 28. b3 c5 29. Bxc5 dxe4 30. Qxc4 exf3 31. g3 Qe5 32. c3 Qf5 33. Kf2 g5 34.
b4 g4 35. h4 gxh3 36. g4 Qc2+ 37. Kxf3 Qg2+ 38. Kf4 h2 39. Qe4 Qd2+ 40. Qe3 Qd5
41. Qf3 Rxc5 42. bxc5 Qxc5 43. Rh1 Qd6+ 44. Kg5 Qg6+ 45. Kh4 Qh6+ 46. Kg3 Qd6+
47. Qf4 Qd3+ 48. Kxh2 Qc2+ 49. Kh3 Qxc3+ 50. Kh4 Qb3 51. Ra1 Qb6 52. Qg5+ Qg6
53. Ra8+ Kg7 54. Ra6 h6 55. Rxg6+ fxg6 56. Qe7+ Kg8 57. Qf6 Kh7 58. Qf7+ Kh8
59. Qxg6 h5 60. Kg5 h4 61. Kf6 h3 62. Qg7# {Hossa checkmated} 1-0

[Event "ICS rated blitz match"]
[Site "204.178.125.65"]
[Date "2000.10.05"]
[Round "?"]
[White "Hossa"]
[Black "dama1405"]
[Result "1-0"]
[WhiteElo "2445"]
[BlackElo "1978"]
[PlyCount "61"]
[EventDate "2000.??.??"]

1. e4 e5 2. Nf3 Nc6 3. Bb5 Nd4 4. Nxd4 exd4 5. O-O Bc5 6. d3 Ne7 7. Qh5 Bb6 8.
Bg5 h6 9. Nd2 O-O 10. Bh4 d6 11. a4 a6 12. Bc4 Be6 13. Bxe6 fxe6 14. Qg4 Qd7
15. Nc4 Bc5 16. Bxe7 Qxe7 17. f4 b5 18. Na5 Qf6 19. Nc6 bxa4 20. f5 e5 21. Rxa4
g5 22. Qh5 Kg7 23. b4 Bb6 24. Ra3 d5 25. exd5 Qd6 26. Raa1 Rf6 27. Qf3 Raf8 28.
g4 h5 29. Qe4 hxg4 30. Rae1 g3 31. hxg3 {dama1405 resigns} 1-0

[Event "ICS rated standard match"]
[Site "204.178.125.65"]
[Date "2000.10.05"]
[Round "?"]
[White "Hossa"]
[Black "harimau"]
[Result "0-1"]
[WhiteElo "2456"]
[BlackElo "2666"]
[PlyCount "170"]
[EventDate "2000.??.??"]

1. d4 d5 2. c4 c6 3. Nf3 Nf6 4. Nc3 e6 5. Bg5 h6 6. Bxf6 Qxf6 7. e3 Nd7 8. Bd3
dxc4 9. Bxc4 g6 10. O-O Bg7 11. Rc1 Qe7 12. Nd2 O-O 13. Qg4 Nb6 14. Bb3 a5 15.
a3 a4 16. Ba2 Kh7 17. Qf3 Nd5 18. Nc4 Qc7 19. e4 Nb6 20. Rfd1 Nxc4 21. Bxc4 Qb6
22. Ne2 Kg8 23. Rd2 Rd8 24. Qf4 Qa5 25. Rd3 b5 26. Ba2 c5 27. Rf3 Ra7 28. Rfc3
Rc7 29. Qh4 Rdd7 30. R3c2 c4 31. h3 Bb7 32. Rd1 Rc8 33. Rcd2 Qd8 34. Qg4 Qb6
35. Qf4 Qc6 36. Nc3 Rcd8 37. d5 exd5 38. Nxd5 Kh7 39. Bb1 Bc8 40. h4 Kh8 41. h5
g5 42. Qb8 Qc5 43. Qg3 Qd6 44. Qe3 g4 45. g3 Bb7 46. Nc3 Qxd2 47. Rxd2 Rxd2 48.
Qb6 Bc8 49. Nxb5 Be6 50. Nc3 Rd1+ 51. Kg2 Bxc3 52. bxc3 R8d2 53. Qe3 Kg7 54. e5
Rb2 55. Be4 Ra2 56. Qf4 Re2 57. Qf6+ Kg8 58. Bc6 Kh7 59. Qf4 Rde1 60. Qd4 Rxe5
61. Qd2 Ra1 62. Qb2 Ree1 63. Kh2 Kg7 64. Qd2 Re5 65. Kg2 Rxh5 66. Qd4+ Kh7 67.
Be4+ Kg8 68. Qd8+ Kg7 69. Qd4+ f6 70. Qa7+ Bf7 71. Qd7 Rxa3 72. Bf5 Rxf5 73.
Qxf5 h5 74. Qd7 Ra1 75. f4 a3 76. Qa7 Ra2+ 77. Kf1 h4 78. gxh4 g3 79. Kg1 Re2
80. Qxa3 Bd5 81. Qa7+ Kh6 82. Kf1 Bf3 83. Qd4 Kh5 84. Qa7 Kg4 85. Qd7+ f5 {
Hossa resigns} 0-1

[Event "ICS rated blitz match"]
[Site "204.178.125.65"]
[Date "2000.10.05"]
[Round "?"]
[White "Varguz"]
[Black "Hossa"]
[Result "1-0"]
[WhiteElo "2735"]
[BlackElo "2447"]
[PlyCount "99"]
[EventDate "2000.??.??"]

1. c4 b6 2. Nc3 e6 3. e4 Bb7 4. Nf3 Bb4 5. Bd3 Nf6 6. e5 Ng4 7. O-O Nc6 8. Be4
f5 9. Bxc6 Bxc6 10. d4 O-O 11. h3 Nh6 12. Bxh6 gxh6 13. Re1 Qe7 14. Rc1 Qf7 15.
a3 Bxc3 16. Rxc3 f4 17. b4 a5 18. b5 Bb7 19. c5 bxc5 20. dxc5 Bd5 21. Qd2 Rab8
22. a4 Qe7 23. Qc1 Qg7 24. Kh1 Kh8 25. Qd2 Rf7 26. Qd4 Rf5 27. Rg1 Rg8 28. b6
Rh5 29. Kh2 Bxf3 30. Rxf3 Rg5 31. g4 Qxe5 32. Qxe5+ Rxe5 33. Rc1 cxb6 34. cxb6
Re4 35. Rb3 Re2 36. b7 Rxf2+ 37. Kg1 Rd2 38. Rc8 Rd4 39. Rxg8+ Kxg8 40. b8=Q+
Kf7 41. Qh8 Rd1+ 42. Kg2 Kg6 43. Rb8 Kf7 44. Qf8+ Kg6 45. Qe7 Rd2+ 46. Kf1 Rd1+
47. Ke2 f3+ 48. Kxd1 h5 49. Rg8+ Kh6 50. g5# {Hossa checkmated} 1-0

[Event "ICS rated blitz match"]
[Site "204.178.125.65"]
[Date "2000.10.05"]
[Round "?"]
[White "Hossa"]
[Black "QueenMaxima"]
[Result "0-1"]
[WhiteElo "2458"]
[BlackElo "2424"]
[PlyCount "180"]
[EventDate "2000.??.??"]

1. c4 Nf6 2. Nc3 g6 3. g3 Bg7 4. Nf3 O-O 5. Bg2 d6 6. O-O e5 7. d4 Nbd7 8. dxe5
dxe5 9. Qc2 c6 10. Qd2 Qe7 11. Rd1 Nb6 12. b3 Bf5 13. Qb2 Rfd8 14. Bg5 h6 15.
Bd2 e4 16. Ne1 Qe6 17. Qc1 Ng4 18. h3 e3 19. fxe3 Nf6 20. Nd3 Bxd3 21. exd3
Rxd3 22. Bf1 Rd7 23. Bg2 Qe5 24. Qc2 Qxg3 25. Ne2 Qg5 26. Nc3 Rad8 27. a4 Nc8
28. a5 a6 29. Ra2 Ne7 30. e4 Qg3 31. Ne2 Qe5 32. b4 c5 33. b5 axb5 34. cxb5 Qh5
35. Ng3 Qh4 36. Ra3 Nc8 37. Rf3 Na7 38. Bf1 Nh5 39. Nxh5 Qxh5 40. Rg3 Rd4 41.
Re3 Qg5+ 42. Kh1 Rxd2 43. Rxd2 Rxd2 44. Qxd2 Bd4 45. a6 bxa6 46. bxa6 Bxe3 47.
Qh2 Qf4 48. Qxf4 Bxf4 49. Kg2 f6 50. Kf3 Be5 51. Bc4+ Kf8 52. Bd5 Ke7 53. Bc4
f5 54. Ke3 Kf6 55. exf5 gxf5 56. Kd3 Bd4 57. Ke2 f4 58. Kf3 Ke5 59. Ke2 Nc6 60.
h4 Ke4 61. Bd3+ Kd5 62. Bh7 Be3 63. Bg8+ Kd4 64. Bf7 c4 65. Be6 Kc3 66. Bd7 Nb8
67. Bc8 Kb4 68. Bb7 Kb5 69. a7 Bxa7 70. Be4 Nc6 71. Kd2 Bd4 72. Kd1 Ne5 73. Bf5
f3 74. Be4 h5 75. Ke1 Bb6 76. Bd5 c3 77. Be4 Nc4 78. Bd3 f2+ 79. Kd1 Kb4 80.
Kc2 Na3+ 81. Kd1 c2+ 82. Kd2 Bc7 83. Bf1 Bf4+ 84. Kd3 c1=Q 85. Ke4 Qe3+ 86. Kf5
Qe5+ 87. Kg6 Qe6+ 88. Kg7 Bh6+ 89. Kh7 Qf6 90. Bd3 Qg7# {Hossa checkmated} 0-1

[Event "ICS rated blitz match"]
[Site "204.178.125.65"]
[Date "2000.10.05"]
[Round "?"]
[White "riffifi"]
[Black "Hossa"]
[Result "0-1"]
[WhiteElo "2288"]
[BlackElo "2440"]
[PlyCount "76"]
[EventDate "2000.??.??"]

1. d4 d5 2. c4 e6 3. Nf3 Nf6 4. g3 dxc4 5. Bg2 Bb4+ 6. Bd2 a5 7. O-O Nc6 8. e3
O-O 9. Qc2 Be7 10. Qxc4 Qd5 11. Qxd5 exd5 12. Nc3 Bf5 13. Ne5 Rfd8 14. Nxc6
bxc6 15. Na4 Be4 16. f3 Bd3 17. Rfc1 Nd7 18. b3 Bb5 19. Nc3 Ba3 20. Re1 Bd3 21.
Bf1 Bc2 22. Bc1 Bb4 23. Bb2 Bg6 24. a3 Bd6 25. Rac1 Rab8 26. Na4 Rxb3 27. Rxc6
Rdb8 28. Bc1 Re8 29. Nc5 Bxc5 30. dxc5 Ne5 31. Rxc7 Nxf3+ 32. Kf2 Nxe1 33. Kxe1
d4 34. c6 dxe3 35. Rb7 Rc3 36. Bb2 Rc2 37. Be2 Be4 38. Rb3 Bxc6 {
riffifi resigns} 0-1

[Event "ICS rated blitz match"]
[Site "204.178.125.65"]
[Date "2000.10.05"]
[Round "?"]
[White "Hossa"]
[Black "QueenMaxima"]
[Result "0-1"]
[WhiteElo "2449"]
[BlackElo "2442"]
[PlyCount "96"]
[EventDate "2000.??.??"]

1. d4 e6 2. c4 Nf6 3. Nc3 Bb4 4. e3 O-O 5. Bd2 c5 6. a3 Bxc3 7. bxc3 b6 8. Bd3
Ba6 9. Nf3 d5 10. Ne5 Nfd7 11. Qh5 g6 12. Qh6 Nxe5 13. dxe5 Bxc4 14. Bxc4 dxc4
15. e4 Nc6 16. O-O Nxe5 17. Rfd1 Nd3 18. Bg5 f6 19. Be3 Qb8 20. f3 Qe5 21. Bd2
Rad8 22. a4 Kh8 23. a5 b5 24. a6 b4 25. cxb4 cxb4 26. Be3 Qc7 27. Ra2 b3 28.
Rad2 b2 29. Rb1 e5 30. Rbxb2 Nxb2 31. Rxb2 Qa5 32. Rb1 Qxa6 33. Bd2 Rf7 34. Be1
Rb7 35. Rc1 Rb2 36. Kh1 Qa4 37. h3 Kg8 38. Bc3 Re2 39. Kh2 Rd3 40. Be1 Qa2 41.
Bf2 Rxf2 42. Rg1 Rd1 43. Qe3 Rxg1 44. Kxg1 Rxg2+ 45. Kf1 Rh2 46. f4 Qg2+ 47.
Ke1 Rh1+ 48. Qg1 Rxg1# {Hossa checkmated} 0-1

[Event "ICS rated blitz match"]
[Site "204.178.125.65"]
[Date "2000.10.06"]
[Round "?"]
[White "Hossa"]
[Black "QueenMaxima"]
[Result "0-1"]
[WhiteElo "2433"]
[BlackElo "2458"]
[PlyCount "90"]
[EventDate "2000.??.??"]

1. e4 c5 2. Nf3 e6 3. d4 cxd4 4. Nxd4 Nc6 5. Nc3 Qc7 6. Be2 a6 7. O-O Nf6 8.
Be3 Be7 9. Nxc6 bxc6 10. Qd2 Rb8 11. e5 Nd5 12. Nxd5 exd5 13. Qc3 O-O 14. Bd4
Bb4 15. Qg3 c5 16. Be3 Kh8 17. Bf4 Rb6 18. Rfd1 Bb7 19. Bf3 Rg6 20. Qh4 d4 21.
Rd3 c4 22. e6 d6 23. e7 Re8 24. Bxb7 cxd3 25. Be4 dxc2 26. Bxg6 fxg6 27. Bg5
Rxe7 28. Rc1 Re2 29. Qg4 Qc4 30. h4 h5 31. Qf3 d3 32. Qa8+ Kh7 33. Qf3 d2 34.
Bxd2 Bxd2 35. b3 Bxc1 36. bxc4 Re1+ 37. Kh2 Bd2 38. Qc6 c1=Q 39. g3 Re2 40. Kg2
Be3 41. Qf3 Qd2 42. Kh3 Rxf2 43. Qh1 Qe2 44. Qg2 Rxg2 45. a3 Rh2# {
Hossa checkmated} 0-1

[Event "ICS rated blitz match"]
[Site "204.178.125.65"]
[Date "2000.10.06"]
[Round "?"]
[White "Varguz"]
[Black "Hossa"]
[Result "1/2-1/2"]
[WhiteElo "2731"]
[BlackElo "2418"]
[PlyCount "252"]
[EventDate "2000.??.??"]

1. e4 e6 2. d4 d5 3. Nc3 Bb4 4. a3 Bxc3+ 5. bxc3 dxe4 6. Qg4 Nf6 7. Qxg7 Rg8 8.
Qh6 Rg6 9. Qd2 Nc6 10. Ne2 e5 11. dxe5 Nxe5 12. Qxd8+ Kxd8 13. Nf4 Rg8 14. Be3
Bf5 15. O-O-O+ Nfd7 16. c4 Kc8 17. Nd5 Re8 18. Bf4 Bg4 19. Re1 c6 20. h3 Bh5
21. Ne3 Bg6 22. Rd1 f5 23. Be2 Re7 24. Rd4 b6 25. Rhd1 Kb7 26. h4 h5 27. Rd6
Rg8 28. Kb2 Nc5 29. R1d2 Ned7 30. Kc1 Reg7 31. Kd1 Rh8 32. c3 Be8 33. Rh6 Rf8
34. Bd6 Rfg8 35. Bxh5 Bf7 36. g3 Be6 37. Bxc5 Nxc5 38. Rf6 Ka6 39. Rd4 Ka5 40.
Rd6 f4 41. Rxf4 Ka4 42. Rxc6 Kxa3 43. Rd6 Kb2 44. Kd2 Nb3+ 45. Ke2 Nc5 46. Nd5
Rh8 47. g4 Kb3 48. f3 exf3+ 49. Kxf3 Bc8 50. Ke2 Ba6 51. Kd2 Nb7 52. Rdf6 Nc5
53. Rd4 Rd7 54. Rf3 Bxc4 55. Nf6 Re7 56. Rff4 Re2+ 57. Kd1 Bd3 58. Bg6 Re3 59.
Bf7+ Ka3 60. g5 Rf8 61. g6 Rg3 62. Rg4 Rh3 63. h5 Rh1+ 64. Kd2 Rh2+ 65. Ke3
Re2+ 66. Kf3 Re7 67. Rgf4 Be2+ 68. Kg3 Rexf7 69. gxf7 Rxf7 70. h6 Bd3 71. Rf3
Kb2 72. Rdxd3 Nxd3 73. h7 Rg7+ 74. Kh2 Rxh7+ 75. Nxh7 Kxc3 76. Rf7 a5 77. Rb7
a4 78. Nf6 a3 79. Nd5+ Kc2 80. Ra7 Kb2 81. Nxb6 a2 82. Nc4+ Kb1 83. Nd2+ Kb2
84. Rb7+ Kc3 85. Ne4+ Kd4 86. Rd7+ Kxe4 87. Re7+ Ne5 88. Ra7 a1=R 89. Rb7 Nf3+
90. Kg3 Rf1 91. Rb8 Kf5 92. Rc8 Ke4 93. Rd8 Nd4 94. Re8+ Kd5 95. Rh8 Rf6 96.
Rg8 Kc5 97. Rh8 Kc4 98. Rg8 Kc3 99. Rh8 Kd3 100. Rg8 Rf7 101. Rh8 Kc4 102. Rg8
Kc5 103. Rh8 Kd6 104. Rg8 Kc6 105. Rh8 Nf3 106. Rg8 Kc5 107. Rh8 Kd5 108. Rg8
Kc6 109. Rh8 Rf5 110. Rg8 Nd4 111. Rh8 Kd6 112. Rg8 Rf7 113. Rh8 Ke5 114. Rg8
Ke4 115. Rh8 Kd3 116. Rg8 Ke3 117. Rh8 Rg7+ 118. Kh3 Ke4 119. Rf8 Kd5 120. Rh8
Rg1 121. Rf8 Rg6 122. Rh8 Rg7 123. Rf8 Rg1 124. Re8 Kc5 125. Rf8 Rg6 126. Rh8
Rg1 {Game drawn by mutual agreement} 1/2-1/2

[Event "ICS rated blitz match"]
[Site "204.178.125.65"]
[Date "2000.10.06"]
[Round "?"]
[White "Hossa"]
[Black "Varguz"]
[Result "0-1"]
[WhiteElo "2429"]
[BlackElo "2720"]
[PlyCount "112"]
[EventDate "2000.??.??"]

1. e4 e6 2. d4 d5 3. Nc3 Bb4 4. e5 Ne7 5. a3 Bxc3+ 6. bxc3 c5 7. a4 Nbc6 8. Nf3
Qa5 9. Bd2 Bd7 10. Bb5 c4 11. O-O f6 12. exf6 gxf6 13. Nh4 O-O-O 14. Re1 Kb8
15. Bf4+ Ka8 16. Qd2 Rhg8 17. Bg3 Rde8 18. Rab1 Ng6 19. Qh6 Qxc3 20. Qxh7 Nge7
21. Nf3 Rh8 22. Qg7 Qxc2 23. Qxf6 Nf5 24. Bf4 Rhg8 25. a5 Qc3 26. Bxc6 Bxc6 27.
Bg5 Rgf8 28. Qe5 Qxa5 29. Ra1 Qb4 30. Bc1 Rg8 31. Ba3 Qa5 32. Bc5 Ba4 33. Re2
b6 34. Rea2 b5 35. Qe2 a6 36. Qb2 Qc7 37. Ne5 Nh4 38. g3 Rb8 39. Qb4 a5 40. Qa3
Nf5 41. f4 Rg7 42. Kf1 Rbg8 43. Rg2 Kb7 44. Rd2 Rxg3 45. hxg3 Rxg3 46. Qa2 Qh7
47. Rh2 Ne3+ 48. Ke1 Nc2+ 49. Qxc2 Rg1+ 50. Ke2 Qxh2+ 51. Ke3 Rg3+ 52. Nf3 Qxc2
53. Ra2 Qe4+ 54. Kd2 Rg2+ 55. Kc1 Rxa2 56. Ng1 Qe1# {Hossa checkmated} 0-1

[Event "ICS rated blitz match"]
[Site "204.178.125.65"]
[Date "2000.10.06"]
[Round "?"]
[White "QueenMaxima"]
[Black "Hossa"]
[Result "0-1"]
[WhiteElo "2497"]
[BlackElo "2424"]
[PlyCount "170"]
[EventDate "2000.??.??"]

1. d4 d5 2. c4 e6 3. Nc3 Nf6 4. cxd5 exd5 5. Bg5 Be7 6. e3 O-O 7. Nf3 h6 8. Bh4
c6 9. Qc2 Ne4 10. Bxe7 Qxe7 11. Bd3 Re8 12. O-O Bf5 13. Bxe4 Bxe4 14. Nxe4 Qxe4
15. Qb3 Re7 16. Ne5 Na6 17. Rac1 Rae8 18. Rc3 f6 19. Nd3 Qf5 20. Rfc1 g6 21. h3
Qe4 22. Qa4 Rd8 23. b4 Rc7 24. Nc5 Nxc5 25. bxc5 Ra8 26. Rb3 Qe7 27. Rcb1 f5
28. Rb4 Rd7 29. Qb3 Rb8 30. Qa3 Ra8 31. Qb3 Rb8 32. Qa4 Ra8 33. Qc2 Re8 34. Qb2
Rb8 35. Qb3 Rc7 36. a3 Qe4 37. Rb2 f4 38. exf4 a5 39. Ra4 Qe1+ 40. Kh2 Ra8 41.
Qg3 Rg7 42. Qg4 Re8 43. h4 Ree7 44. h5 gxh5 45. Qh3 Ref7 46. Qe3 Rxg2+ 47. Kxg2
Rg7+ 48. Qg3 Qe4+ 49. f3 Rxg3+ 50. Kxg3 Qe1+ 51. Kg2 h4 52. f5 Qg3+ 53. Kh1
Qxf3+ 54. Kh2 Qc3 55. Rg2+ Kf7 56. f6 Kxf6 57. Rf2+ Kg5 58. Rg2+ Kf4 59. Rf2+
Ke3 60. Rg2 Kd3 61. Rf2 Ke4 62. Re2+ Kf3 63. Rg2 h5 64. Kg1 h3 65. Rg7 Qd2 66.
Kh1 Qd1+ 67. Kh2 Qxa4 68. Kxh3 Ke4 69. Kh4 Qd1 70. Kg5 Qg4+ 71. Kf6 Qxg7+ 72.
Kxg7 h4 73. Kf7 Kxd4 74. Ke6 h3 75. Kd6 a4 76. Kc7 h2 77. Kxb7 Kxc5 78. Kc7 d4
79. Kd7 d3 80. Ke7 d2 81. Kf8 h1=Q 82. Kf7 d1=Q 83. Ke7 Qd6+ 84. Kf7 Qh7+ 85.
Ke8 Qg8# {QueenMaxima checkmated} 0-1

[Event "ICS rated blitz match"]
[Site "204.178.125.65"]
[Date "2000.10.06"]
[Round "?"]
[White "Hossa"]
[Black "QueenMaxima"]
[Result "1-0"]
[WhiteElo "2443"]
[BlackElo "2478"]
[PlyCount "51"]
[EventDate "2000.??.??"]

1. e4 c5 2. Nf3 e6 3. Nc3 a6 4. d4 cxd4 5. Nxd4 Bb4 6. Bd2 Nf6 7. e5 Bxc3 8.
bxc3 Nd5 9. Qg4 Kf8 10. c4 Ne7 11. Bb4 Nbc6 12. Nxc6 bxc6 13. c3 a5 14. Bd6 h5
15. Qg5 h4 16. Bd3 h3 17. gxh3 Rxh3 18. Rd1 Ba6 19. Qg4 Rh6 20. Rg1 g6 21. Qf4
Rh5 22. Bxg6 Rxe5+ 23. Bxe5 Nxg6 24. Rxg6 Ke8 25. Rg8+ Ke7 26. Bf6# {
QueenMaxima checkmated} 1-0

[Event "ICS rated blitz match"]
[Site "204.178.125.65"]
[Date "2000.10.06"]
[Round "?"]
[White "Kwapil"]
[Black "Hossa"]
[Result "0-1"]
[WhiteElo "2006"]
[BlackElo "2461"]
[PlyCount "36"]
[EventDate "2000.??.??"]

1. e4 e5 2. Nf3 Nc6 3. Nc3 Nf6 4. d4 exd4 5. Nxd4 Bb4 6. Nxc6 bxc6 7. Bd3 d5 8.
exd5 cxd5 9. O-O O-O 10. Bg5 c6 11. Qf3 Bd6 12. h3 Rb8 13. Na4 Be5 14. Rfe1
Bxb2 15. Rab1 Be5 16. Rxb8 Bxb8 17. Nc5 Qd6 18. Bxf6 gxf6 {Kwapil resigns} 0-1

[Event "ICS rated blitz match"]
[Site "204.178.125.65"]
[Date "2000.10.06"]
[Round "?"]
[White "Hossa"]
[Black "dama1405"]
[Result "1-0"]
[WhiteElo "2463"]
[BlackElo "1972"]
[PlyCount "41"]
[EventDate "2000.??.??"]

1. e4 c5 2. Nf3 d6 3. d4 cxd4 4. Qxd4 Nf6 5. Bb5+ Bd7 6. Bxd7+ Qxd7 7. O-O Nc6
8. Qd3 g6 9. Nc3 Bg7 10. Rd1 Ng4 11. h3 Nge5 12. Nxe5 Nxe5 13. Qd5 O-O 14. Bf4
Nc6 15. Qd2 Rac8 16. Bh6 Ne5 17. Bxg7 Kxg7 18. Qd4 f6 19. Qxa7 Nc4 20. Rab1 Rc5
21. Qxc5 {dama1405 resigns} 1-0

[Event "ICS rated blitz match"]
[Site "204.178.125.65"]
[Date "2000.10.06"]
[Round "?"]
[White "dama1405"]
[Black "Hossa"]
[Result "0-1"]
[WhiteElo "1970"]
[BlackElo "2465"]
[PlyCount "38"]
[EventDate "2000.??.??"]

1. e4 e5 2. Nf3 Nc6 3. Bb5 a6 4. Ba4 Nf6 5. O-O Be7 6. Re1 b5 7. Bb3 d6 8. h3
O-O 9. c3 Na5 10. Bc2 c5 11. d4 cxd4 12. cxd4 Nc6 13. d5 Nb4 14. Bb3 a5 15. a3
Na6 16. Nc3 b4 17. axb4 axb4 18. Na4 Nc5 19. Bg5 Ncxe4 {dama1405 resigns} 0-1

[Event "ICS rated blitz match"]
[Site "204.178.125.65"]
[Date "2000.10.06"]
[Round "?"]
[White "Hossa"]
[Black "dama1405"]
[Result "1-0"]
[WhiteElo "2467"]
[BlackElo "1968"]
[PlyCount "27"]
[EventDate "2000.??.??"]

1. c4 e5 2. e3 Nf6 3. Qc2 Nc6 4. a3 a5 5. Nf3 d6 6. Nc3 Be7 7. d4 exd4 8. exd4
Bg4 9. Be3 Bxf3 10. gxf3 Nd7 11. O-O-O Bf6 12. Qe4+ Qe7 13. Nd5 Qxe4 14. fxe4 {
dama1405 resigns} 1-0

[Event "ICS rated standard match"]
[Site "204.178.125.65"]
[Date "2000.10.06"]
[Round "?"]
[White "Hossa"]
[Black "Richner"]
[Result "1-0"]
[WhiteElo "2449"]
[BlackElo "1940"]
[PlyCount "51"]
[EventDate "2000.??.??"]

1. e4 g5 2. d4 h6 3. Nc3 Bg7 4. Bc4 c5 5. dxc5 Bxc3+ 6. bxc3 Qa5 7. Ne2 Qxc5 8.
Qd4 Qxd4 9. cxd4 d6 10. O-O Nc6 11. c3 Nf6 12. Ng3 a6 13. f4 gxf4 14. Bxf4 b5
15. Bb3 Na5 16. Bxd6 Nxb3 17. axb3 exd6 18. Rxf6 Ke7 19. Rf2 a5 20. Rfa2 a4 21.
bxa4 bxa4 22. Rxa4 Rxa4 23. Rxa4 Bd7 24. Ra7 Rc8 25. Nf5+ Ke8 26. Nxd6+ {
Richner resigns} 1-0

[Event "ICS rated blitz match"]
[Site "204.178.125.65"]
[Date "2000.10.06"]
[Round "?"]
[White "Colorado"]
[Black "Hossa"]
[Result "1-0"]
[WhiteElo "2571"]
[BlackElo "2469"]
[PlyCount "139"]
[EventDate "2000.??.??"]

1. e4 e5 2. Nf3 Nc6 3. Bc4 Nf6 4. d3 Be7 5. Nc3 d6 6. h3 Na5 7. Bb3 Nxb3 8.
axb3 Be6 9. d4 exd4 10. Nxd4 O-O 11. O-O c5 12. Nxe6 fxe6 13. Qe2 Qc7 14. Re1
a5 15. Bf4 Qc6 16. e5 dxe5 17. Qxe5 Ra6 18. Rad1 Nd7 19. Qc7 Qxc7 20. Bxc7 Nf6
21. Nb5 g5 22. Re5 h6 23. Bd6 Kf7 24. Bxc5 g4 25. Bxe7 Kxe7 26. Rc5 Ne4 27.
Rc7+ Kf6 28. hxg4 Rc6 29. Rxc6 bxc6 30. Na3 Ke7 31. f3 Nd6 32. Kf2 e5 33. Rh1
Rf6 34. Nc4 Nxc4 35. bxc4 Kd6 36. Ra1 Rf4 37. b3 Ke6 38. Rxa5 Rd4 39. Ke2 Rf4
40. g3 Rf7 41. Ke3 Re7 42. b4 Rb7 43. c3 Kd6 44. Ke4 Re7 45. c5+ Ke6 46. Ra6
Rc7 47. b5 Kd7 48. b6 Rc8 49. Ra7+ Ke6 50. c4 Rd8 51. Rc7 Rd4+ 52. Ke3 Rd8 53.
Rxc6+ Kf7 54. b7 Rb8 55. Rc7+ Ke6 56. c6 Kd6 57. Rc8 e4 58. f4 Kc5 59. f5 Kd6
60. Kd4 e3 61. c5+ Ke7 62. Rxb8 e2 63. Re8+ Kxe8 64. b8=Q+ Kf7 65. Qc7+ Kf6 66.
Qe5+ Kf7 67. Qe6+ Kg7 68. f6+ Kf8 69. Qe7+ Kg8 70. Qg7# {Hossa checkmated} 1-0

[Event "ICS rated blitz match"]
[Site "204.178.125.65"]
[Date "2000.10.06"]
[Round "?"]
[White "Hossa"]
[Black "QueenMaxima"]
[Result "1-0"]
[WhiteElo "2458"]
[BlackElo "2462"]
[PlyCount "79"]
[EventDate "2000.??.??"]

1. e4 c5 2. Nf3 e6 3. Nc3 Nc6 4. d4 cxd4 5. Nxd4 Bb4 6. Nxc6 Bxc3+ 7. bxc3 bxc6
8. Qd6 Qa5 9. Bd2 Ne7 10. c4 Qa4 11. Bb4 Ng6 12. Bd3 Kd8 13. O-O a5 14. Bc3 f6
15. f4 Re8 16. g3 Ne7 17. Rfd1 Bb7 18. e5 Nc8 19. Qc5 f5 20. Rdb1 h5 21. Rxb7
Re7 22. Rb3 h4 23. Ra3 Qxa3 24. Qxa3 a4 25. gxh4 Re8 26. Rb1 Rh8 27. Rb7 Ra7
28. Rxa7 Nxa7 29. Qxa4 Nc8 30. Qa5+ Ke7 31. Bb4+ c5 32. Bxc5+ Kf7 33. Qc7 Re8
34. Qxd7+ Ne7 35. h5 g6 36. hxg6+ Kg7 37. Bxe7 Ra8 38. Bf6+ Kxg6 39. Qg7+ Kh5
40. Qg5# {QueenMaxima checkmated} 1-0

[Event "ICS rated blitz match"]
[Site "204.178.125.65"]
[Date "2000.10.06"]
[Round "?"]
[White "Hossa"]
[Black "GSG"]
[Result "1-0"]
[WhiteElo "2477"]
[BlackElo "2249"]
[PlyCount "47"]
[EventDate "2000.??.??"]

1. e4 c5 2. c3 d6 3. d4 cxd4 4. cxd4 Nf6 5. Nc3 a6 6. Nf3 e6 7. Bd3 Be7 8. O-O
Nc6 9. d5 exd5 10. exd5 Ne5 11. Nxe5 dxe5 12. Re1 Nxd5 13. Rxe5 Nxc3 14. bxc3
O-O 15. Bf4 Bf6 16. Rd5 Qxd5 17. Bxh7+ Kxh7 18. Qxd5 Kg8 19. Rc1 Rd8 20. Qf3
Be6 21. Qxb7 Bxc3 22. Bc7 Bd5 23. Qb1 Bd2 24. Rd1 {GSG resigns} 1-0

[Event "ICS rated blitz match"]
[Site "204.178.125.65"]
[Date "2000.10.06"]
[Round "?"]
[White "GSG"]
[Black "Hossa"]
[Result "0-1"]
[WhiteElo "2242"]
[BlackElo "2484"]
[PlyCount "36"]
[EventDate "2000.??.??"]

1. d4 e6 2. c4 Nf6 3. Nf3 c5 4. g3 cxd4 5. Nxd4 d5 6. Bg2 dxc4 7. O-O Qd7 8.
Nc3 Be7 9. Ndb5 O-O 10. Bf4 Nc6 11. Nc7 Rb8 12. N7b5 e5 13. Bg5 Qg4 14. Bxf6
Bxf6 15. Ne4 Be7 16. h3 Qh5 17. g4 Qh4 18. Nc7 h5 {GSG resigns} 0-1

[Event "ICS rated blitz match"]
[Site "204.178.125.65"]
[Date "2000.10.06"]
[Round "?"]
[White "Hossa"]
[Black "Grigoriev"]
[Result "1-0"]
[WhiteElo "2490"]
[BlackElo "2067"]
[PlyCount "63"]
[EventDate "2000.??.??"]

1. e4 c5 2. Nf3 d6 3. d4 cxd4 4. Nxd4 Nf6 5. Nc3 g6 6. Be3 Bg7 7. f3 O-O 8. Qd2
Nc6 9. Bc4 Bd7 10. O-O-O Rc8 11. Bb3 Ne5 12. h4 Nc4 13. Bxc4 Rxc4 14. h5 Nxh5
15. g4 Nf6 16. Bh6 Nxe4 17. Qe3 Rxc3 18. bxc3 Nf6 19. Bxg7 Kxg7 20. Rh2 Qa5 21.
Qh6+ Kg8 22. Kb2 Rc8 23. Rd3 Bc6 24. Nb3 Qb5 25. Re3 a5 26. c4 Qb4 27. Rxe7 a4
28. Qf4 axb3 29. cxb3 Bd5 30. Qxf6 Bxc4 31. Rc2 b5 32. Rxf7 {Grigoriev resigns}
1-0